Pořádková činnost policie : obecná část /

Hlavní autor: Macek, Pavel, 1949-
Jazyk: Čeština
Vydáno: Praha : Police history, 2008
Vydání: 2., upr. vyd.
Témata:
Externí odkaz: Digitalizovaný dokument
Fyzický popis: 87 s. ; 21 cm
Knihy
Uloženo v:
LEADER 01578nam a2200433 a 4500
001 nkc20081818407
003 CZ PrNK
005 20081113091358.0
007 ta
008 080908s2008 xr e p 000 0 cze
015 |a cnb001818407 
020 |a 978-80-86477-45-9  |q (brož.) 
035 |a (OCoLC)271611473 
040 |a BOA001  |b cze  |d ABA001 
043 |a e-xr--- 
072 7 |a 351  |x Úkoly veřejné správy, správní opatření, legislativa  |2 Konspekt  |9 15 
072 7 |a 37.016  |x Učební osnovy. Vyučovací předměty. Učebnice  |2 Konspekt  |9 22 
080 |a 351.74  |2 MRF 
080 |a 351.75  |2 MRF 
080 |a (437.3)  |2 MRF 
080 |a (07)  |2 MRF 
100 1 |a Macek, Pavel,  |d 1949-  |7 mzk2004234117  |4 aut 
245 1 0 |a Pořádková činnost policie :  |b obecná část /  |c Pavel Macek a kol. 
250 |a 2., upr. vyd. 
260 |a Praha :  |b Police history,  |c 2008 
300 |a 87 s. ;  |c 21 cm 
504 |a Obsahuje bibliografické odkazy 
650 0 7 |a policie  |7 ph124228  |z Česko  |2 czenas 
650 0 7 |a veřejný pořádek  |7 ph127088  |z Česko  |2 czenas 
650 0 9 |a police  |z Czechia  |2 eczenas 
650 0 9 |a public order and safety  |z Czechia  |2 eczenas 
655 7 |a učební texty  |7 fd133599  |2 czenas 
655 9 |a educational texts  |2 eczenas 
856 4 1 |u http://www.digitalniknihovna.cz/mzk/uuid/uuid:2cb7e450-631c-11e3-ac69-005056827e51  |y Digitalizovaný dokument  |x NDK 
910 2 |a BOA001  |b 2-1210.464 
990 |a BK 
995 |a 01 
991 |b 200809  |c NOV 
996 6 |b 2610353318  |c 2-1210.464  |l MZK  |r Sklad / do 1 hodiny  |n 9  |p p.v.  |w 000911131  |u 000010  |a 1  |e BOA001  |j MZK50  |s P